[Event "AUTO-ADV-4924"]
[Site "http://www.queenalice.com/game.php?id=1870430"]
[Date "2026.3.13"]
[Round "1"]
[White "bdpq"]
[Black "zubarev"]
[Result "0-1"]
[WhiteElo "1682"]
[BlackElo "1790"]

1. e4 e5 2. d3 Nf6 3. Bg5 Be7 4. Nc3 O-O 5. Qf3 d6 6. O-O-O Bg4 7. Qf5 Bxf5 8.
exf5 Nc6 9. Nf3 Qd7 10. d4 e4 11. Nh4 d5 12. Bb5 a6 13. Ba4 h6 14. Be3 Ng4 15.
g3 Bxh4 16. gxh4 Nxe3 17. fxe3 f6 18. Bb3 Na5 19. Bxd5+ Kh8 20. Bxe4 Rae8 21.
Nd5 Rxe4 22. Nf4 Kh7 23. Rhg1 Rxe3 24. Nh5 Rg8 25. Rg2 Qxf5 26. Ng3 Qd5 27. Rgd2
Qxa2 28. c3 Nb3+ 29. Kc2 Nxd2 30. Rxd2 Qa1 31. Nf5 Re1 32. Kd3 Qb1+ 33. Kc4 b5+
34. Kd5 Qxf5+ 35. Kc6 Re6+ 36. Kb7 Qd5+ 37. Ka7 Ra8# 0-1

[Event "AUTO-ADV-4924"]
[Site "http://www.queenalice.com/game.php?id=1870431"]
[Date "2026.3.13"]
[Round "1"]
[White "zubarev"]
[Black "bdpq"]
[Result "1-0"]
[WhiteElo "1802"]
[BlackElo "1670"]

1. a3 d5 2. d4 e6 3. Nc3 Bd6 4. Nf3 Nf6 5. e3 O-O 6. Bd3 Nc6 7. O-O Ng4 8. h3
Nh6 9. Re1 Qf6 10. Nb5 Be7 11. Nxc7 Rb8 12. Nb5 Bd7 13. Nc3 e5 14. dxe5 Nxe5 15.
Nxe5 Qxe5 16. Ne2 Bc6 17. Nd4 f5 18. c3 Bd6 19. f4 Qf6 20. Bd2 Bc5 21. b4 Bxd4
22. exd4 Rfe8 23. Qf3 a6 24. Rac1 Qf7 25. Kf2 Ba4 26. c4 Kh8 27. cxd5 Bb5 28.
Bxb5 axb5 29. d6 b6 30. Qc6 Qf6 31. Rxe8+ Ng8 32. Rxb8 Qxd4+ 33. Ke2 h6 34. Qe8
Kh7 35. Qxg8+ Kg6 36. Qe6+ Kh5 37. Qxf5+ g5 38. Qg4+ Kg6 39. f5+ Kf6 40. Bc3 1-0

[Event "AUTO-ADV-4924"]
[Site "http://www.queenalice.com/game.php?id=1870432"]
[Date "2026.3.13"]
[Round "1"]
[White "bdpq"]
[Black "maurice916"]
[Result "1-0"]
[WhiteElo "1688"]
[BlackElo "1874"]

1. e4 c6 2. d4 d5 3. exd5 cxd5 4. Bd3 Nf6 5. Bg5 Nbd7 6. Nf3 e6 7. O-O Be7 8.
Nc3 O-O 9. Nb5 a6 10. Na3 b5 11. Nh4 Ne4 12. Bxe7 Qxe7 13. Nf3 f5 14. Nd2 Ndf6
15. Nf3 Bb7 16. c3 Rac8 17. Nc2 Rc7 18. Ne5 Nd7 19. Nxd7 Qxd7 20. f3 Nd6 21. Na3
Nc4 22. Nxc4 bxc4 23. Bc2 a5 24. f4 Rf6 25. Rf3 Rg6 26. Re3 Qb5 27. b3 Ba8 28.
Qe2 Qd7 29. Re1 Kf7 30. Qh5 Kg8 31. Bxf5 exf5 32. Rg3 Qf7 33. Re5 Rxg3 34. Re8+
Qf8 35. Rxf8+ Kxf8 36. hxg3 Rf7 37. Qxh7 Ke7 38. Qg6 Bb7 39. Qb6 Ke8 40. Qxa5
Rd7 41. bxc4 dxc4 42. Qxf5 Bd5 43. a4 Bb7 44. Qe6+ Re7 45. Qxc4 Kf8 46. a5 Re1+
47. Kf2 Ra1 48. Qb4+ 1-0

[Event "AUTO-ADV-4924"]
[Site "http://www.queenalice.com/game.php?id=1870433"]
[Date "2026.3.13"]
[Round "1"]
[White "maurice916"]
[Black "bdpq"]
[Result "1-0"]
[WhiteElo "1849"]
[BlackElo "1692"]

1. Nf3 d5 2. e3 e6 3. b3 Bc5 4. Bb2 Nf6 5. Be2 O-O 6. O-O Nc6 7. d4 Bb4 8. c3
Ba5 9. Nbd2 Bd7 10. a3 Ne4 11. b4 Bb6 12. c4 dxc4 13. Nxc4 Ng5 14. Nxb6 axb6 15.
Bd3 f5 16. Ne5 Nxe5 17. dxe5 Ba4 18. Qe2 f4 19. exf4 Nf7 20. f5 exf5 21. Bxf5 c6
22. Qe4 Ng5 23. Qg4 c5 24. h4 h6 25. hxg5 Qxg5 26. Qxg5 hxg5 27. Be6+ Kh7 28.
Bc4 b5 29. Bd3+ g6 30. bxc5 Rfd8 31. Be4 Rd2 32. Rab1 Re2 33. Bxb7 Rd8 34. c6
Rc2 35. Bc1 Re8 36. Bxg5 Rxe5 37. Bh4 Ra2 38. Bg3 Rc5 39. Bd6 Rc4 40. c7 Rxc7
41. Bxc7 Rxa3 42. Be4 Rc3 43. Be5 Rc5 44. f4 Rc8 45. Rfc1 Rd8 46. Rc7+ Kg8 47.
Rg7+ Kf8 48. Bxg6 Rd2 49. Ra7 Rd5 50. Be4 Rd2 51. Bc6 Rc2 52. Bxb5 1-0

[Event "AUTO-ADV-4924"]
[Site "http://www.queenalice.com/game.php?id=1870434"]
[Date "2026.3.13"]
[Round "1"]
[White "bdpq"]
[Black "Capixaba789"]
[Result "0-1"]
[WhiteElo "1657"]
[BlackElo "1886"]

1. c4 e5 2. Nc3 f5 3. g3 Nf6 4. d3 Be7 5. d4 e4 6. Bg5 O-O 7. Qd2 Ng4 8. e3 Bxg5
9. O-O-O d6 10. Bh3 Qf6 11. Nd5 Qh6 12. Bxg4 fxg4 13. Qb4 Na6 14. Qa5 Rxf2 15.
h4 Bxe3+ 16. Kb1 b6 17. Qb5 Bb7 18. Qd7 Bxd5 19. cxd5 Qf6 20. Ne2 Nb4 21. Qb5
Nd3 22. Qc6 Rf8 23. Qb5 Rxe2 24. Rxd3 exd3 25. Qxd3 Qf2 26. Qc3 Bd2 27. Qb3 Re1+
28. Rxe1 Qxe1+ 29. Kc2 Qc1+ 0-1

[Event "AUTO-ADV-4924"]
[Site "http://www.queenalice.com/game.php?id=1870435"]
[Date "2026.3.13"]
[Round "1"]
[White "Capixaba789"]
[Black "bdpq"]
[Result "1-0"]
[WhiteElo "1887"]
[BlackElo "1633"]

1. d4 d5 2. Nc3 e6 3. e4 dxe4 4. f3 exf3 5. Nxf3 Bb4 6. Bd2 Nf6 7. Bd3 O-O 8.
O-O Nc6 9. Ne5 Nxe5 10. dxe5 Nd5 11. Nxd5 Bxd2 12. Qxd2 Qxd5 13. Qe2 b6 14. Be4
Qxe5 15. Bxh7+ Kxh7 16. Qxe5 f6 17. Qe4+ Kg8 18. Qxa8 Ba6 19. Qe4 Bxf1 20. Qxe6+
Kh8 21. Rxf1 Rd8 22. Qc6 Rd6 23. Qe8+ Kh7 24. Re1 Rd2 25. Qh5+ 1-0

[Event "AUTO-OPEN-4643"]
[Site "http://www.queenalice.com/game.php?id=1870512"]
[Date "2026.3.13"]
[Round "1"]
[White "cerenzo72"]
[Black "bdpq"]
[Result "0-1"]
[WhiteElo "2122"]
[BlackElo "1627"]

1. c4 d5 2. e3 d4 3. d3 dxe3 4. Bxe3 e6 5. Nf3 Bd6 6. Nc3 Nf6 7. Be2 O-O 8. O-O
Bd7 9. Bg5 Be7 10. Qb3 Ng4 11. Bxe7 Qxe7 12. Qxb7 Bc6 13. Qb3 Na6 14. Nd4 Bxg2
15. Kxg2 Qg5 16. Nf3 Ne3+ 17. Kh1 Qg2# 0-1

[Event "AUTO-OPEN-4643"]
[Site "http://www.queenalice.com/game.php?id=1870513"]
[Date "2026.3.13"]
[Round "1"]
[White "bdpq"]
[Black "cerenzo72"]
[Result "0-1"]
[WhiteElo "1650"]
[BlackElo "2080"]

1. e4 e5 2. d4 exd4 3. Qxd4 Nc6 4. Qe3 Nf6 5. Bb5 a6 6. Bxc6 bxc6 7. Nf3 d6 8.
O-O Be7 9. Nd4 Bb7 10. Nc3 O-O 11. e5 dxe5 12. Nf5 g6 13. Nh6+ Kh8 14. Qxe5 Bd6
15. Qe3 Qd7 16. Qf3 Nh5 17. Ne4 c5 18. Qc3+ f6 19. f3 Be5 20. Qxc5 Bd4+ 21. Be3
Bxc5 22. Bxc5 Rfe8 23. g4 Bxe4 24. gxh5 Bxc2 25. hxg6 Bxg6 26. Ng4 Re6 27. Rad1
Qg7 28. Rfe1 Rxe1+ 29. Rxe1 Re8 30. Rd1 Bh5 31. h3 f5 32. Kf1 fxg4 33. f4 gxh3
34. Bd4 Bxd1 35. Bxg7+ Kxg7 36. Kf2 h2 37. Kg2 Re2+ 38. Kh1 Rxb2 39. a3 Bf3# 0-1

[Event "AUTO-OPEN-4643"]
[Site "http://www.queenalice.com/game.php?id=1870524"]
[Date "2026.3.13"]
[Round "1"]
[White "bdpq"]
[Black "zubarev"]
[Result "1-0"]
[WhiteElo "1660"]
[BlackElo "1812"]

1. e4 e5 2. d4 exd4 3. Qxd4 Nc6 4. Qe3 d6 5. Bb5 Bd7 6. Nf3 Be7 7. O-O Nf6 8.
Nc3 O-O 9. Ng5 Ne5 10. Bxd7 Qxd7 11. f3 h6 12. Nh3 Nh7 13. Nd5 f5 14. Qb3 Kh8
15. Ndf4 fxe4 16. Be3 Ng5 17. Nxg5 hxg5 18. Nd5 Bf6 19. Nxf6 gxf6 20. f4 Ng4 21.
fxg5 d5 22. g6 Kg7 23. h3 Ne5 24. Bd4 Nxg6 25. Qc3 Qe7 26. Rf5 Rf7 27. Raf1 Raf8
28. Bc5 Qe8 29. Bxf8+ Qxf8 30. Rxd5 c6 31. Rh5 Qd6 32. Qe3 f5 33. Qh6+ Kf6 34.
Rg5 Rg7 35. Rgxf5+ Ke6 36. Rf6+ 1-0

[Event "AUTO-OPEN-4643"]
[Site "http://www.queenalice.com/game.php?id=1870525"]
[Date "2026.3.13"]
[Round "1"]
[White "zubarev"]
[Black "bdpq"]
[Result "0-1"]
[WhiteElo "1804"]
[BlackElo "1667"]

1. d4 d5 2. Nc3 Bf5 3. e3 e6 4. Bd3 Bxd3 5. Qxd3 Nc6 6. Nf3 Bb4 7. O-O Nf6 8.
Ne5 Nxe5 9. dxe5 Ng4 10. Qd4 Nh6 11. Qxb4 b6 12. e4 d4 13. Ne2 c5 14. Qb5+ Ke7
15. c3 a5 16. Bg5+ f6 17. Bxh6 gxh6 18. Rad1 fxe5 19. Ng3 Qc7 20. cxd4 exd4 21.
f4 a4 22. f5 e5 23. f6+ Kf7 24. Nh5 Ra5 25. Qc4+ Kf8 26. Ng7 Qf7 27. Qxf7+ Kxf7
28. Rb1 c4 29. b3 axb3 30. axb3 c3 31. Rfc1 Kxf6 32. Nh5+ Kg6 33. Ng3 b5 34. Nf5
h5 35. Kf2 Ra2+ 36. Kf3 Kf6 37. Nd6 b4 38. g3 Rha8 39. h3 h4 40. g4 Rh2 41. Ra1
Rxa1 42. Rxa1 Rxh3+ 43. Kf2 Rg3 44. Ra4 Kg5 45. Rxb4 c2 46. Rc4 Rc3 47. Nb5 Rxc4
48. bxc4 c1=Q 49. Nd6 Qf4+ 50. Ke2 h3 51. c5 h2 0-1

[Event "AUTO-INT-3963"]
[Site "http://www.queenalice.com/game.php?id=1870706"]
[Date "2026.3.19"]
[Round "1"]
[White "bdpq"]
[Black "game"]
[Result "1-0"]
[WhiteElo "1659"]
[BlackElo "1618"]

1. e4 c5 2. d4 d6 3. dxc5 Qa5+ 4. Nc3 Qxc5 5. Be3 Qa5 6. Bd2 Qb6 7. b3 Nf6 8.
Bd3 Ng4 9. Nh3 Ne5 10. Be3 Qc6 11. Bb5 Bg4 12. f3 Nxf3+ 13. gxf3 Bxf3 14. Qxf3
Qxb5 15. Nxb5 Kd7 16. e5 Nc6 17. Qxf7 Nxe5 18. Qd5 g6 19. Qxb7+ Ke6 20. Qxa8 h5
21. Ng5+ Kf6 22. Qc8 Kg7 23. O-O-O Ng4 24. Qe8 Nh6 25. Rdf1 Ng4 26. Qf7+ Kh6 27.
Qf4 Kg7 28. Ne6+ Kh7 29. Qf7+ Bg7 30. Qxg7# 1-0

[Event "AUTO-INT-3963"]
[Site "http://www.queenalice.com/game.php?id=1870707"]
[Date "2026.3.19"]
[Round "1"]
[White "game"]
[Black "bdpq"]
[Result "1-0"]
[WhiteElo "1633"]
[BlackElo "1711"]

1. e4 d5 2. e5 e6 3. d4 Nc6 4. Bb5 Bd7 5. a4 Nb4 6. Bd2 Nc6 7. Nf3 Bb4 8. Ng5
Nh6 9. c3 Ba5 10. Bd3 Ne7 11. Bxh7 Bc6 12. Bd3 Qd7 13. Qe2 O-O-O 14. O-O f6 15.
exf6 Neg8 16. Bg6 gxf6 17. Nh3 Ne7 18. Nf4 Nxg6 19. Nxg6 Rhf8 20. Nxf8 Rxf8 21.
Bxh6 Rg8 22. Qf3 f5 23. Bf4 Qh7 24. Be5 Bd7 25. b4 Bb6 26. a5 Bb5 27. Re1 Be8
28. axb6 a6 29. Qf4 Rg4 30. Qf3 Bh5 31. Qd3 cxb6 32. c4 Bg6 33. cxd5 f4 34. Rc1+
Kd7 35. Qb3 Rxg2+ 36. Kxg2 Be4+ 37. Kf1 Bd3+ 38. Ke1 Qe4+ 39. Kd2 exd5 40. Qxd3
Qg2 41. Nc3 Qxf2+ 42. Ne2 Qxh2 43. Qf5+ Ke7 44. Bxf4 Qg2 45. Qg5+ Qxg5 46. Bxg5+
Kd6 47. Bf4+ Ke7 48. Rc7+ Ke6 49. Rxb7 b5 50. Rxa6+ Kf5 51. Rf7+ Kg4 52. Ke3 Kh5
53. Rh6+ 1-0

[Event "AUTO-INT-3963"]
[Site "http://www.queenalice.com/game.php?id=1870710"]
[Date "2026.3.19"]
[Round "1"]
[White "bdpq"]
[Black "Yanni"]
[Result "1-0"]
[WhiteElo "1749"]
[BlackElo "1479"]

1. e4 e5 2. d4 Nc6 3. dxe5 Nxe5 4. Bf4 Bd6 5. Nc3 c6 6. Qe2 Nf6 7. O-O-O h6 8.
Nf3 Neg4 9. Bxd6 c5 10. Bxc5 b6 11. Bd4 O-O 12. h3 Nxf2 13. Qxf2 d6 14. Bb5 a6
15. Bc6 Rb8 16. e5 dxe5 17. Bxe5 Qe7 18. Bxb8 Bf5 19. Ne5 Rxb8 20. Qxf5 Rf8 21.
g4 b5 22. Rhe1 g6 23. Qf4 Kg7 24. Nxg6 Qc5 25. Rd6 fxg6 26. Re7+ Rf7 27. Rxf7+
Kxf7 28. Qxf6+ Kg8 29. Rd8+ Kh7 30. Qh8# 1-0

[Event "AUTO-INT-3963"]
[Site "http://www.queenalice.com/game.php?id=1870711"]
[Date "2026.3.19"]
[Round "1"]
[White "Yanni"]
[Black "bdpq"]
[Result "0-1"]
[WhiteElo "1479"]
[BlackElo "1682"]

1. e4 d5 2. e5 e6 3. Bb5+ c6 4. Bd3 Bc5 5. h3 b5 6. Nf3 Nh6 7. Nc3 Bb4 8. Ne2
O-O 9. c3 Ba5 10. h4 Ng4 11. Rf1 f6 12. h5 f5 13. Ng3 f4 14. Ne2 Qc7 15. Nh4
Qxe5 16. f3 Nf6 17. Bc2 b4 18. d4 Qxh5 19. Rh1 Ba6 20. Bxf4 Nfd7 21. Ng3 Qf7 22.
Bb1 Qxf4 23. Ng6 Qxg3+ 24. Kd2 Qxg2+ 25. Kc1 bxc3 26. b3 Qb2# 0-1

[Event "AUTO-INT-3964"]
[Site "http://www.queenalice.com/game.php?id=1871073"]
[Date "2026.3.27"]
[Round "1"]
[White "jenyasm"]
[Black "bdpq"]
[Result "1-0"]
[WhiteElo "1677"]
[BlackElo "1731"]

1. e4 d5 2. exd5 Qxd5 3. d3 e6 4. Nf3 Bc5 5. Be3 Bxe3 6. fxe3 Nf6 7. e4 Qb5 8.
b3 O-O 9. Nc3 Qd7 10. Qd2 Nc6 11. a3 b6 12. h3 Nd4 13. Nxd4 e5 14. Nf3 Ba6 15.
Nxe5 Qd6 16. Nf3 Rad8 17. e5 Qe6 18. O-O-O Nd7 19. Re1 Bb7 20. Re3 f5 21. exf6
Qxf6 22. Be2 Qg6 23. g4 Nc5 24. Rf1 Ne6 25. Ne5 Rxf1+ 26. Bxf1 Qe8 27. Bg2 c6
28. b4 Qe7 29. Bxc6 Rc8 30. Bxb7 Qxb7 31. Nc4 Nd4 32. Nd6 Qh1+ 33. Re1 Qc6 34.
Nxc8 Qxc8 35. Re4 Nf3 36. Qe3 Qxc3 37. Re8+ Kf7 38. Qe6# 1-0

[Event "AUTO-INT-3964"]
[Site "http://www.queenalice.com/game.php?id=1871074"]
[Date "2026.3.27"]
[Round "1"]
[White "bdpq"]
[Black "jenyasm"]
[Result "1-0"]
[WhiteElo "1747"]
[BlackElo "1693"]

1. e4 e5 2. d4 d6 3. dxe5 dxe5 4. Qxd8+ Kxd8 5. Nc3 Bd6 6. Nd5 Ne7 7. Bg5 h6 8.
Bh4 g5 9. Bg3 Nxd5 10. exd5 Bf5 11. O-O-O Nd7 12. Bb5 a6 13. Nf3 axb5 14. Kb1 c6
15. dxc6 Bc7 16. cxd7 Bxd7 17. Nxe5 Bxe5 18. Bxe5 Re8 19. Rd5 Re6 20. Rhd1 Re7
21. Bf6 Ra6 22. Rxd7+ Ke8 23. Rd8# 1-0

[Event "AUTO-INT-3964"]
[Site "http://www.queenalice.com/game.php?id=1871081"]
[Date "2026.3.27"]
[Round "1"]
[White "bdpq"]
[Black "Ruusgugg"]
[Result "1-0"]
[WhiteElo "1691"]
[BlackElo "1498"]

1. e4 e5 2. d4 Nc6 3. d5 Nce7 4. Bg5 f6 5. Bh4 Ng6 6. Bg3 c5 7. Nc3 d6 8. Bc4
Bd7 9. Nf3 Qb6 10. Bb3 c4 11. Bxc4 Qxb2 12. Ne2 Qb4+ 13. Nd2 Qb6 14. f3 Nf4 15.
Nxf4 g5 16. Bf2 Qb4 17. Rb1 Qa5 18. Nh5 Qd8 19. O-O b5 20. Bd3 a6 21. c4 Rb8 22.
cxb5 a5 23. a4 Nh6 24. Rc1 g4 25. fxg4 Nxg4 26. Bh4 Ne3 27. Nxf6+ Kf7 28. Qh5+
Ke7 29. Ng4# 1-0

[Event "AUTO-OPEN-4645"]
[Site "http://www.queenalice.com/game.php?id=1871112"]
[Date "2026.3.28"]
[Round "1"]
[White "Capixabba789"]
[Black "bdpq"]
[Result "0-1"]
[WhiteElo "1887"]
[BlackElo "1705"]

1. d4 d5 2. Nc3 e6 3. f4 Bd6 4. Nf3 Nf6 5. e3 O-O 6. Bd3 b6 7. O-O c5 8. dxc5
Bxc5 9. Nd4 Bxd4 10. exd4 Ba6 11. a3 Bxd3 12. cxd3 Nc6 13. Be3 a5 14. Ne2 Ng4
15. Qd2 Nxe3 16. Qxe3 Qf6 17. Rac1 Ne7 18. Ng3 Rfc8 19. Nh5 Qg6 20. Rxc8+ Rxc8
21. Ng3 h6 22. f5 Nxf5 23. Nxf5 exf5 24. Qe5 Rc2 25. Qxd5 Qg5 26. b4 g6 27. bxa5
bxa5 28. g3 Qe3+ 29. Kh1 Qe2 30. Qd8+ Kg7 0-1

[Event "AUTO-OPEN-4645"]
[Site "http://www.queenalice.com/game.php?id=1871113"]
[Date "2026.3.28"]
[Round "1"]
[White "bdpq"]
[Black "Capixabba789"]
[Result "1-0"]
[WhiteElo "1690"]
[BlackElo "1902"]

1. e4 e5 2. d4 exd4 3. Qxd4 Na6 4. Nf3 c6 5. Bxa6 bxa6 6. O-O d6 7. Bg5 Nf6 8.
Bxf6 gxf6 9. Nc3 Be6 10. Qd3 Qc7 11. Rfd1 h5 12. a4 Bg7 13. Nd4 a5 14. Qf3 Bg4
15. Qd3 Bxd1 16. Qxd1 Rb8 17. b3 Qb6 18. Nf5 Bh6 19. Qxd6 Qd8 20. Qxc6+ Kf8 21.
Rd1 Qb6 22. Qd7 Qe6 23. Qd4 Kg8 24. Qxa7 Kh7 25. Rd6 Qe8 26. Rxf6 Bg7 27. Rxf7
Rg8 28. Rxg7+ 1-0

[Event "AUTO-OPEN-4645"]
[Site "http://www.queenalice.com/game.php?id=1871138"]
[Date "2026.3.28"]
[Round "1"]
[White "chessman"]
[Black "bdpq"]
[Result "1-0"]
[WhiteElo "2028"]
[BlackElo "1735"]

1. e4 d5 2. exd5 Qxd5 3. Nc3 Qd8 4. Nf3 Bg4 5. Bc4 Nc6 6. Bxf7+ Kxf7 7. Ng5+ Ke8
8. Qxg4 Nf6 9. Qe6 Qd7 10. Qf7+ Kd8 11. Ne6+ Kc8 12. Nxf8 Qe8 13. Qe6+ Kd8 14.
O-O Qxf8 15. Nd5 Nd4 16. Qe5 Nb5 17. c4 Nd7 18. Qg3 Nd4 19. Qxc7+ Ke8 20. Qxb7
Kf7 21. Qxd7 h5 22. Nf4 Rd8 23. Qxa7 Nf5 24. Nd5 Kg6 25. d4 Nxd4 26. Qxd4 Kh7
27. Qe4+ g6 28. Qxe7+ Qxe7 29. Nxe7 Rd6 30. Nd5 Re6 31. b3 Rhe8 32. Bg5 Kg7 33.
Nc7 Re5 34. Nxe8+ Rxe8 35. h4 Re5 36. Rfe1 Rf5 37. Rad1 Kf8 38. Rd7 1-0

[Event "AUTO-OPEN-4645"]
[Site "http://www.queenalice.com/game.php?id=1871139"]
[Date "2026.3.28"]
[Round "1"]
[White "bdpq"]
[Black "chessman"]
[Result "0-1"]
[WhiteElo "1754"]
[BlackElo "1976"]

1. e4 e6 2. d4 d5 3. exd5 exd5 4. Nf3 Nf6 5. Bg5 Be7 6. Nc3 O-O 7. Qd3 b6 8. Bf4
Bb4 9. a3 Re8+ 10. Be2 Ba6 11. Qd2 Bxc3 12. Qxc3 Rxe2+ 13. Kd1 Ne4 14. Qe1 Rxe1+
15. Rxe1 Nxf2+ 16. Kd2 Ne4+ 17. Ke3 Nc6 18. b3 Qd7 19. c4 Re8 20. Kd3 Qf5 21. g3
Nc5+ 22. Kd2 Qd3+ 23. Kc1 Rxe1+ 0-1

[Event "AUTO-ADV-4927"]
[Site "http://www.queenalice.com/game.php?id=1871247"]
[Date "2026.3.30"]
[Round "1"]
[White "bdpq"]
[Black "Capixabba789"]
[Result "1-0"]
[WhiteElo "1728"]
[BlackElo "1864"]

1. e4 e5 2. d4 exd4 3. Qxd4 Nf6 4. e5 Ng8 5. Bf4 Nc6 6. Qe3 h5 7. Bb5 Nh6 8. Nc3
Be7 9. Nf3 Ng4 10. Qe4 a6 11. Bc4 Bc5 12. Qf5 d5 13. Qg5 dxc4 14. Qxg7 Bxf2+ 15.
Kf1 Rf8 16. h3 Ngxe5 17. Kxf2 Ng6 18. Rad1 Bd7 19. Nd5 1-0

[Event "AUTO-ADV-4927"]
[Site "http://www.queenalice.com/game.php?id=1871248"]
[Date "2026.3.30"]
[Round "1"]
[White "Capixabba789"]
[Black "bdpq"]
[Result "1-0"]
[WhiteElo "1878"]
[BlackElo "1714"]

1. d4 d5 2. Nc3 e6 3. f4 Bd6 4. Nf3 Nf6 5. e3 Bb4 6. Bd2 O-O 7. Bd3 Nc6 8. O-O
Bd7 9. Ne2 Bxd2 10. Qxd2 b6 11. Ne5 Nxe5 12. fxe5 Ng4 13. Nf4 f6 14. Qe2 f5 15.
Qf3 a6 16. h3 Nh6 17. a3 Nf7 18. Qg3 Bb5 19. Nxe6 Qe7 20. Qxg7# 1-0

[Event "AUTO-ADV-4927"]
[Site "http://www.queenalice.com/game.php?id=1871250"]
[Date "2026.3.30"]
[Round "1"]
[White "shmurtz91"]
[Black "bdpq"]
[Result "1-0"]
[WhiteElo "1926"]
[BlackElo "1698"]

1. Nf3 d5 2. d4 e6 3. c4 dxc4 4. e4 Nc6 5. Bxc4 e5 6. Qb3 Na5 7. Bxf7+ Ke7 8.
Qb4+ Kxf7 9. Qxa5 Bg4 10. Nxe5+ Ke8 11. Nxg4 Qxd4 12. O-O b6 13. Qe5+ Qxe5 14.
Nxe5 Bd6 15. f4 Nf6 16. Nc3 Bb4 17. Nb5 Rc8 18. Nxa7 Ra8 19. Nac6 Bc5+ 20. Kh1
Nxe4 21. g4 b5 22. b4 Bd6 23. Bb2 Nd2 24. Rfe1 Kf8 25. Nd7+ Kf7 26. Be5 Ra3 27.
Bxd6 cxd6 28. Re7+ Kg6 29. Rae1 h6 30. R1e6+ Kh7 31. Nf6+ Kg6 32. Nh5+ Kh7 33.
Rxg7# 1-0

[Event "AUTO-ADV-4927"]
[Site "http://www.queenalice.com/game.php?id=1871251"]
[Date "2026.3.30"]
[Round "1"]
[White "bdpq"]
[Black "Daniel1962"]
[Result "0-1"]
[WhiteElo "1713"]
[BlackElo "1729"]

1. e4 e6 2. d4 d5 3. e5 Nc6 4. Be3 Be7 5. Nc3 Na5 6. Qg4 g6 7. O-O-O Nc4 8. Bf4
Bd7 9. Bxc4 dxc4 10. d5 exd5 11. Qg3 c6 12. Nf3 Qa5 13. Bd2 Bb4 14. Kb1 Bxc3 15.
Bxc3 Qc5 16. Ng5 b5 17. Qf3 Be6 18. Nxe6 fxe6 19. Bd4 Qe7 20. Qe3 b4 21. Bc5 Qb7
22. Qf3 Ne7 23. Qf6 a5 24. Qxe6 b3 25. a3 bxc2+ 26. Kxc2 Rb8 27. b4 axb4 28.
Bxb4 c5 29. Rb1 cxb4 30. Rxb4 Qa7 31. Rxb8+ Qxb8 32. Rb1 Qa7 33. Qf6 Rf8 34. Qd6
Rxf2+ 35. Kc3 Qa5+ 36. Kd4 Nf5# 0-1